[Event "WY U-16 Chess Olympiad 2019"]
[Site "Corum"]
[Date "2019.11.01"]
[Round "5"]
[White "Jordanov Mihail"]
[Black "Briem, Stephan"]
[Result "0-1"]
[WhiteElo "2080"]
[BlackElo "2199"]
[Annotator "NA"]
[PlyCount "134"]
[EventDate "2019.10.28"]
[EventType "team-tourn"]
[EventCountry "TUR"]
[SourceTitle "playchess.com"]
[Source "ChessBase"]
[SourceQuality "1"]

1. e4 e6 2. d4 d5 3. Nd2 dxe4 4. Nxe4 Nd7 5. Nf3 Ngf6 6. Bg5 h6 7. Bxf6 Nxf6 8. Nxf6+ Qxf6 9. c3 Bd6 10. Bd3 Bd7 11. Qe2 O-O 12. Ne5 Bc6 13. Nxc6 bxc6 14. Qe4 g6 15. O-O-O c5 16. dxc5 Bxc5 17. f4 Rab8 18. Qe5 Qxe5 19. fxe5 Rfd8 20. Kc2 Rd5 21. Rhe1 Rbd8 22. Be2 Rxd1 23. Bxd1 Kg7 24. Re4 Bg1 25. h3 g5 26. Bf3 f6 27. exf6+ Kxf6 28. Bg4 Rd6 29. Rc4 c5 30. Re4 Bh2 31. Re2 Bf4 32. Kb3 e5 33. Kc4 Rd8 34. Kxc5 Bc1 35. b4 Bd2 36. Kc4 Rd6 37. a4 Rd8 38. b5 h5 39. Bf3 Rc8+ 40. Bc6 Bf4 41. g4 h4 42. a5 Ke7 43. Re1 a6 44. Rd1 Rc7 45. Re1 Kd6 46. Rd1+ Ke7 47. Kb4 e4 48. Bxe4 axb5 49. a6 Be3 50. Bd3 Kd8 51. Bxb5+ Kc8 52. Re1 Re7 53. Rxe3 Rxe3 54. Bc6 Kb8 55. Kb5 Ka7 56. c4 Rxh3 57. Bd5 Rb3+ 58. Kc6 h3 59. Kd6 Rd3 60. Ke6 Rxd5 61. cxd5 h2 62. d6 h1=Q 63. d7 Qe4+ 64. Kf7 Qd5+ 65. Ke8 Qe6+ 66. Kd8 Qxg4 67. Kc7 Qxd7+ 0-1

[Event "WY U-16 Chess Olympiad 2019"]
[Site "Corum"]
[Date "2019.11.01"]
[Round "5"]
[White "Vuckovic, Marko"]
[Black "Malovanyi, Yulian"]
[Result "0-1"]
[WhiteElo "2054"]
[BlackElo "2351"]
[Annotator "NA"]
[PlyCount "140"]
[EventDate "2019.10.28"]
[EventType "team-tourn"]
[EventCountry "TUR"]
[SourceTitle "playchess.com"]
[Source "ChessBase"]
[SourceQuality "1"]

1. e4 c5 2. Nf3 Nc6 3. d4 cxd4 4. Nxd4 g6 5. Nc3 Bg7 6. Be3 Nf6 7. Nxc6 bxc6 8. e5 Ng8 9. f4 Nh6 10. Qd2 O-O 11. O-O-O d6 12. exd6 exd6 13. Bd4 Bxd4 14. Qxd4 Nf5 15. Qd2 Re8 16. Bd3 d5 17. Bxf5 Bxf5 18. h3 Qb6 19. g4 Rab8 20. b3 Be4 21. Rhe1 Bf3 22. Rxe8+ Rxe8 23. Re1 Rxe1+ 24. Qxe1 Qd4 25. f5 Kg7 26. fxg6 hxg6 27. Kb2 g5 28. a4 Be4 29. h4 gxh4 30. Qxh4 Bg6 31. Qg3 Qd2 32. Qe5+ Kh7 33. Qe2 Qd4 34. Qf3 Qe5 35. Kb1 Qe1+ 36. Nd1 Kg8 37. Kc1 Qg1 38. Kd2 Qd4+ 39. Kc1 Be4 40. Qf4 Qg1 41. Kd2 Qg2+ 42. Nf2 a6 43. Qg5+ Bg6 44. Qf4 Kh7 45. Kc3 c5 46. b4 d4+ 47. Kc4 cxb4 48. Qxd4 Qb7 49. Nd3 a5 50. Qc5 Qa6+ 51. Kd4 b3 52. Qe5 bxc2 53. Qh2+ Kg7 54. Qe5+ Qf6 55. Nc1 Qxe5+ 56. Kxe5 f6+ 57. Kd4 Be8 58. Kc5 Bxa4 59. Kb6 Bd7 60. Kxa5 Bxg4 61. Kb4 Kg6 62. Kc3 Bd1 63. Kd4 Kg5 64. Ke3 Kg4 65. Nd3 f5 66. Kf2 f4 67. Nc1 Kf5 68. Nb3 Ke4 69. Nc1 Kd4 70. Ke1 Kc3 0-1

[Event "WY U-16 Chess Olympiad 2019"]
[Site "Corum"]
[Date "2019.11.01"]
[Round "5"]
[White "Modi, Yashil"]
[Black "Borhy, Marcell"]
[Result "0-1"]
[WhiteElo "2053"]
[BlackElo "2321"]
[Annotator "NA"]
[PlyCount "46"]
[EventDate "2019.10.28"]
[EventType "team-tourn"]
[EventCountry "TUR"]
[SourceTitle "playchess.com"]
[Source "ChessBase"]
[SourceQuality "1"]

1. d4 d5 2. c4 dxc4 3. g3 e5 4. d5 Nf6 5. Bg2 c6 6. Nc3 Bb4 7. Bg5 h6 8. dxc6 Nxc6 9. Bxc6+ bxc6 10. Qxd8+ Kxd8 11. O-O-O+ Ke7 12. Bd2 Bc5 13. Nf3 Bd6 14. Be3 Be6 15. Nd2 Nd5 16. Nde4 Rhd8 17. Bc5 Bxc5 18. Nxc5 Nxc3 19. bxc3 Rd5 20. Ne4 Rb8 21. Rd2 f5 22. Rxd5 Bxd5 23. f3 fxe4 0-1

[Event "WY U-16 Chess Olympiad 2019"]
[Site "Corum"]
[Date "2019.11.01"]
[Round "5"]
[White "Zhang, Xiao"]
[Black "Laurincova, Kristyna"]
[Result "1-0"]
[WhiteElo "2053"]
[BlackElo "2006"]
[Annotator "NA"]
[PlyCount "197"]
[EventDate "2019.10.28"]
[EventType "team-tourn"]
[EventCountry "TUR"]
[SourceTitle "playchess.com"]
[Source "ChessBase"]
[SourceQuality "1"]

1. Nf3 g6 2. c4 Bg7 3. Nc3 Nf6 4. e4 c5 5. d4 cxd4 6. Nxd4 Nc6 7. Nb3 O-O 8. Be2 b6 9. Be3 Ba6 10. O-O Rc8 11. c5 Bxe2 12. Qxe2 bxc5 13. Nxc5 d6 14. Nb3 Qd7 15. h3 Ne5 16. f4 Nc4 17. Nc5 Qe8 18. Qxc4 Nd7 19. N3a4 Nxc5 20. Bxc5 dxc5 21. e5 Qd7 22. Rad1 Qb7 23. b3 Kh8 24. Kh2 Qb4 25. Rc1 f6 26. e6 Rfd8 27. Nxc5 Qxc4 28. Rxc4 Rd2 29. a4 f5 30. Rfc1 Bd4 31. Nd7 Rxc4 32. Rxc4 Rd1 33. Ne5 Kg7 34. Nf3 Be3 35. Kg3 Kf6 36. Rc3 Bb6 37. b4 Kxe6 38. Ng5+ Kd5 39. Nxh7 Bd4 40. Rf3 Kc4 41. b5 Kb4 42. Nf8 e5 43. fxe5 Bxe5+ 44. Kf2 Rd2+ 45. Kf1 Rd6 46. Re3 Bf4 47. Re7 Rd1+ 48. Ke2 Rd2+ 49. Kf3 Bd6 50. Rd7 g5 51. Ne6 g4+ 52. hxg4 fxg4+ 53. Kxg4 Kxa4 54. Rxa7+ Kxb5 55. Kf3 Rd3+ 56. Kf2 Rd2+ 57. Kf3 Rd3+ 58. Ke2 Rg3 59. Kf2 Rg6 60. Nd4+ Kb6 61. Rf7 Bc5 62. Rf4 Rd6 63. Ke3 Kc7 64. Kd3 Kd7 65. Kc4 Bb6 66. Nf3 Ke8 67. g4 Bd8 68. Nd4 Bg5 69. Rf5 Bf6 70. Nb5 Rc6+ 71. Kd5 Kd7 72. Rh5 Rc1 73. Rh7+ Be7 74. Nd4 Ke8 75. Nf5 Rd1+ 76. Ke5 Re1+ 77. Kf4 Rf1+ 78. Kg3 Rg1+ 79. Kf3 Bb4 80. Ng3 Be7 81. Nf5 Bb4 82. Rb7 Ba3 83. Ng7+ Kf8 84. Ne6+ Ke8 85. Kf4 Rf1+ 86. Ke5 Be7 87. Ng7+ Kf8 88. Nf5 Re1+ 89. Kf4 Rf1+ 90. Kg3 Rg1+ 91. Kf3 Ba3 92. Ne3 Bc5 93. Nc4 Rf1+ 94. Ke4 Rg1 95. Kf5 Be7 96. Ne5 Ba3 97. g5 Bc1 98. g6 Rg5+ 99. Ke4 1-0

[Event "WY U-16 Chess Olympiad 2019"]
[Site "Corum"]
[Date "2019.11.01"]
[Round "5"]
[White "Madaminov, Mukhiddin"]
[Black "Samadashvili, Martha"]
[Result "0-1"]
[WhiteElo "2045"]
[BlackElo "2155"]
[Annotator "NA"]
[PlyCount "93"]
[EventDate "2019.10.28"]
[EventType "team-tourn"]
[EventCountry "TUR"]
[SourceTitle "playchess.com"]
[Source "ChessBase"]
[SourceQuality "1"]

1. d4 Nf6 2. Nc3 d5 3. Bf4 g6 4. e3 Bg7 5. h4 h5 6. Nf3 O-O 7. Ne5 c5 8. dxc5 Qa5 9. Qd2 Nc6 10. Nxc6 bxc6 11. a3 Ng4 12. f3 e5 13. Bg5 f6 14. fxg4 fxg5 15. gxh5 Qxc5 16. e4 Bg4 17. h6 Bxh6 18. b4 Qb6 19. Na4 Qd4 20. Qxd4 exd4 21. Nc5 Rae8 22. Be2 Bc8 23. h5 g4 24. hxg6 Kg7 25. Rd1 Be3 26. Rh7+ Kxg6 27. Rc7 Rh8 28. Rxc6+ Kg5 29. Bf1 Rh1 30. Ke2 g3 31. c3 Bg4+ 32. Ke1 Bxd1 33. cxd4 Bf2+ 34. Kxd1 Rxf1+ 35. Ke2 Re1+ 36. Kd2 dxe4 37. d5 e3+ 38. Kd3 Rd1+ 39. Ke2 Rd2+ 40. Kf3 e2 41. Ne6+ Rxe6 42. Rxe6 e1=Q 43. Rxe1 Bxe1 44. a4 Rf2+ 45. Kxg3 Rf1+ 46. Kh2 Kg4 47. g3 0-1

[Event "WY U-16 Chess Olympiad 2019"]
[Site "Corum"]
[Date "2019.11.01"]
[Round "5"]
[White "Kuhar, Larisa"]
[Black "Thenuwara, Rashmika"]
[Result "1/2-1/2"]
[WhiteElo "2030"]
[BlackElo "1507"]
[Annotator "NA"]
[PlyCount "107"]
[EventDate "2019.10.28"]
[EventType "team-tourn"]
[EventCountry "TUR"]
[SourceTitle "playchess.com"]
[Source "ChessBase"]
[SourceQuality "1"]

1. e4 c5 2. Nf3 d6 3. d4 cxd4 4. Nxd4 Nf6 5. Nc3 g6 6. Be2 Bg7 7. O-O O-O 8. Re1 Nc6 9. Nb3 a6 10. Bf1 Be6 11. Nd5 b5 12. c3 Bc8 13. Bg5 Re8 14. Nxf6+ Bxf6 15. Bxf6 exf6 16. a4 b4 17. Qd2 Be6 18. c4 Qe7 19. Nd4 Nxd4 20. Qxd4 a5 21. b3 Kg7 22. Rad1 Red8 23. Bd3 Qa7 24. Bc2 Qc5 25. Rd2 Rd7 26. f4 Qxd4+ 27. Rxd4 f5 28. Red1 Rad8 29. exf5 gxf5 30. g4 f6 31. Bxf5 Bxf5 32. gxf5 Kf7 33. Rd5 Re8 34. Kf2 Rde7 35. R1d3 Re2+ 36. Kf3 Rxh2 37. Rxd6 Ree2 38. Rd7+ Kf8 39. Ra7 Rhf2+ 40. Kg4 Rg2+ 41. Kh4 Rh2+ 42. Rh3 Rxh3+ 43. Kxh3 Re3+ 44. Kg2 Rxb3 45. Rxa5 Rc3 46. c5 b3 47. Rb5 b2 48. Rxb2 Rxc5 49. Rb5 Rc4 50. a5 Rxf4 51. a6 Ra4 52. Rb6 Kg7 53. Kg3 h5 54. Rc6 1/2-1/2

[Event "WY U-16 Chess Olympiad 2019"]
[Site "Corum"]
[Date "2019.11.01"]
[Round "5"]
[White "Vorobiov, Vlad"]
[Black "Garayev, Sadig"]
[Result "1/2-1/2"]
[WhiteElo "2029"]
[BlackElo "1723"]
[Annotator "NA"]
[PlyCount "102"]
[EventDate "2019.10.28"]
[EventType "team-tourn"]
[EventCountry "TUR"]
[SourceTitle "playchess.com"]
[Source "ChessBase"]
[SourceQuality "1"]

1. e4 c5 2. Nf3 d6 3. Bb5+ Nd7 4. c3 a6 5. Ba4 Ngf6 6. Qe2 e5 7. O-O Be7 8. d4 b5 9. Bc2 O-O 10. b3 a5 11. Bd3 b4 12. d5 a4 13. bxa4 Rxa4 14. Bb5 Ra8 15. a4 Bb7 16. Bd2 bxc3 17. Bxc3 Qc8 18. Nbd2 Ba6 19. Rfb1 Bxb5 20. Rxb5 Qa6 21. a5 Rfb8 22. Rxb8+ Nxb8 23. Nc4 Nbd7 24. Nfd2 Ne8 25. Qg4 Ndf6 26. Qf3 Rb8 27. Nb6 Bd8 28. Ndc4 Bxb6 29. Nxb6 Qb5 30. Qe3 Nc7 31. f3 Na6 32. f4 Re8 33. fxe5 Ng4 34. Qf3 Nxe5 35. Bxe5 Rxe5 36. Rf1 f6 37. Qg4 Qe8 38. Nd7 Rg5 39. Qe6+ Qxe6 40. dxe6 c4 41. Rc1 Rxa5 42. Rxc4 Nc5 43. Nxc5 dxc5 44. Rc1 Kf8 45. Rb1 Ra7 46. Rb6 Rc7 47. Kf2 Ke7 48. Ke3 g6 49. Kd3 c4+ 50. Kc3 h5 51. Rb4 Kxe6 1/2-1/2

[Event "WY U-16 Chess Olympiad 2019"]
[Site "Corum"]
[Date "2019.11.01"]
[Round "5"]
[White "Taspinar, Yanki"]
[Black "Kwong, Wing Ki"]
[Result "1/2-1/2"]
[WhiteElo "2010"]
[BlackElo "1822"]
[Annotator "NA"]
[PlyCount "93"]
[EventDate "2019.10.28"]
[EventType "team-tourn"]
[EventCountry "TUR"]
[SourceTitle "playchess.com"]
[Source "ChessBase"]
[SourceQuality "1"]

1. e4 e5 2. Nf3 Nc6 3. Bb5 a6 4. Ba4 Nf6 5. O-O Be7 6. Re1 b5 7. Bb3 d6 8. c3 Bg4 9. d3 O-O 10. h3 Bh5 11. Nbd2 Nb8 12. Nf1 Nbd7 13. Ng3 Bg6 14. Nh4 Re8 15. Nhf5 Bf8 16. Bc2 c6 17. d4 Qc7 18. b3 Rad8 19. Bg5 h6 20. Bxf6 Nxf6 21. Qf3 d5 22. Nxh6+ gxh6 23. Qxf6 Bg7 24. Qf3 exd4 25. cxd4 Bxd4 26. Rad1 Qe5 27. Re2 Qf6 28. Qg4 Kh8 29. exd5 Rxe2 30. Qxe2 Bxc2 31. Qxc2 Rxd5 32. Rf1 Rg5 33. Qd3 Rd5 34. Qe4 Qg5 35. Ne2 Qe5 36. Qg4 Bc5 37. Ng3 Rd2 38. Qf3 Rxa2 39. Qxc6 Rxf2 40. Rxf2 Qe1+ 41. Kh2 Qxf2 42. Qxh6+ Kg8 43. Qg5+ Kf8 44. Qd8+ Kg7 45. Qg5+ Kh7 46. Qh5+ Kg8 47. Qg5+ 1/2-1/2

[Event "WY U-16 Chess Olympiad 2019"]
[Site "Corum"]
[Date "2019.11.01"]
[Round "5"]
[White "Gurel, Ediz"]
[Black "Deng Jing Xin Crystal"]
[Result "1-0"]
[WhiteElo "1995"]
[BlackElo "1944"]
[Annotator "NA"]
[PlyCount "85"]
[EventDate "2019.10.28"]
[EventType "team-tourn"]
[EventCountry "TUR"]
[SourceTitle "playchess.com"]
[Source "ChessBase"]
[SourceQuality "1"]

1. e4 c5 2. Nf3 Nc6 3. d4 cxd4 4. Nxd4 e5 5. Nb5 a6 6. Nd6+ Bxd6 7. Qxd6 Qe7 8. Qd1 Nf6 9. Nc3 Nd4 10. Bd3 O-O 11. Bg5 Qe6 12. O-O b5 13. Bxf6 Qxf6 14. Nd5 Qg5 15. Nb6 Rb8 16. Nxc8 Rbxc8 17. c3 Ne6 18. Bc2 Rfd8 19. Bb3 Nf4 20. g3 Rc6 21. Kh1 Rh6 22. Qf3 Ne6 23. Rad1 Rf6 24. Qg2 Qh5 25. Rd5 Qe2 26. f3 Qxg2+ 27. Kxg2 d6 28. Rfd1 Kf8 29. R5d2 Ke7 30. Bd5 a5 31. a3 b4 32. axb4 axb4 33. Ra1 bxc3 34. bxc3 Rc8 35. Ra7+ Rc7 36. Rxc7+ Nxc7 37. Bc6 Re6 38. Rb2 Kf6 39. Rb8 Na6 40. Rb6 Nc7 41. Bd7 Re7 42. Rxd6+ Kg5 43. Bg4 1-0

[Event "WY U-16 Chess Olympiad 2019"]
[Site "Corum"]
[Date "2019.11.01"]
[Round "5"]
[White "Bagvilas, Lukas"]
[Black "Sismeiro, Miguel"]
[Result "1/2-1/2"]
[WhiteElo "1983"]
[BlackElo "2113"]
[Annotator "NA"]
[PlyCount "123"]
[EventDate "2019.10.28"]
[EventType "team-tourn"]
[EventCountry "TUR"]
[SourceTitle "playchess.com"]
[Source "ChessBase"]
[SourceQuality "1"]

1. c4 Nf6 2. Nf3 g6 3. Nc3 d5 4. e3 Bg7 5. d4 O-O 6. b3 c5 7. Bb2 Nc6 8. Be2 cxd4 9. exd4 Bg4 10. Ne5 Bxe2 11. Nxe2 Rc8 12. O-O dxc4 13. Nxc4 Nd5 14. Qd2 Qd7 15. Rac1 Rfd8 16. Rfd1 Qg4 17. f3 Qh4 18. g3 Qh5 19. Qd3 Ncb4 20. Qe4 Bh6 21. f4 Qf5 22. Qxf5 gxf5 23. a3 Nc6 24. Nc3 Nxc3 25. Bxc3 Bg7 26. d5 Bxc3 27. Rxc3 Na5 28. Rdd3 Nxc4 29. bxc4 Rc5 30. Re3 Kf8 31. Re5 Rdc8 32. Rce3 R8c7 33. Rxf5 Rxc4 34. Rh5 Rd4 35. Kg2 Rd7 36. Rxh7 R4xd5 37. Rh8+ Kg7 38. Ra8 a6 39. h4 Rd3 40. Kf3 R7d4 41. Rc8 Rxe3+ 42. Kxe3 Ra4 43. Rc3 b5 44. Kf3 a5 45. Kg4 b4 46. axb4 Rxb4 47. Rc5 a4 48. Ra5 e6 49. Kg5 Rd4 50. Ra7 Rd5+ 51. Kg4 Rd4 52. Ra5 Kg6 53. h5+ Kh6 54. Ra7 f5+ 55. Kh4 Rd1 56. Kh3 Kxh5 57. Rxa4 Rh1+ 58. Kg2 Rb1 59. Ra8 Rb2+ 60. Kh3 Rb1 61. Ra6 Re1 62. Ra8 1/2-1/2

[Event "WY U-16 Chess Olympiad 2019"]
[Site "Corum"]
[Date "2019.11.01"]
[Round "5"]
[White "Herega, Nejc"]
[Black "Dahampriya, H K T Dewnethmie"]
[Result "1-0"]
[WhiteElo "1976"]
[BlackElo "1629"]
[Annotator "NA"]
[PlyCount "65"]
[EventDate "2019.10.28"]
[EventType "team-tourn"]
[EventCountry "TUR"]
[SourceTitle "playchess.com"]
[Source "ChessBase"]
[SourceQuality "1"]

1. d4 Nf6 2. c4 g6 3. Nc3 Bg7 4. e4 d6 5. h3 O-O 6. Be3 e5 7. d5 a5 8. g4 Na6 9. Nge2 Nd7 10. Ng3 Nb6 11. h4 Bd7 12. h5 Qe7 13. Be2 f6 14. f3 Rfc8 15. hxg6 hxg6 16. Qd2 g5 17. Kf2 Kf7 18. Rh7 Rh8 19. Rah1 Rxh7 20. Rxh7 Rh8 21. Rxh8 Bxh8 22. Nb5 a4 23. Nxc7 Nxc4 24. Bxc4 Nxc7 25. Qb4 b5 26. Be2 Qf8 27. Bb6 Na8 28. Ba5 Qb8 29. Nf5 Bxf5 30. gxf5 Nc7 31. Qxd6 Qa7+ 32. Bb6 Ne8 33. Qe6+ 1-0

[Event "WY U-16 Chess Olympiad 2019"]
[Site "Corum"]
[Date "2019.11.01"]
[Round "5"]
[White "Demchenko, Svitlana"]
[Black "Ozenir, Ekin Baris"]
[Result "0-1"]
[WhiteElo "1953"]
[BlackElo "2274"]
[Annotator "NA"]
[PlyCount "74"]
[EventDate "2019.10.28"]
[EventType "team-tourn"]
[EventCountry "TUR"]
[SourceTitle "playchess.com"]
[Source "ChessBase"]
[SourceQuality "1"]

1. e4 c5 2. Nf3 d6 3. d4 cxd4 4. Nxd4 Nf6 5. Nc3 a6 6. Be3 e5 7. Nb3 Be6 8. Qd2 Be7 9. f3 h5 10. Nd5 Nxd5 11. exd5 Bf5 12. Bd3 Bxd3 13. Qxd3 Nd7 14. O-O O-O 15. c4 Rc8 16. Rac1 g6 17. Rfd1 b6 18. Qe2 Re8 19. Qf2 a5 20. g4 hxg4 21. fxg4 e4 22. Rf1 Ne5 23. Bxb6 Qd7 24. h3 Bg5 25. Be3 Nd3 26. Qd2 Bxe3+ 27. Qxe3 Nxc1 28. Rxc1 Qa4 29. Qc3 e3 30. Nxa5 e2 31. Re1 Qd1 32. Kf2 Re4 33. Qf3 Qd4+ 34. Kg2 Qd2 35. Qc3 Qd1 36. Nb3 Rcxc4 37. Qd2 Rc2 0-1

[Event "WY U-16 Chess Olympiad 2019"]
[Site "Corum"]
[Date "2019.11.01"]
[Round "5"]
[White "Moncada Correa, Sara"]
[Black "Kolev, Lachezar"]
[Result "0-1"]
[WhiteElo "1939"]
[BlackElo "1983"]
[Annotator "NA"]
[PlyCount "72"]
[EventDate "2019.10.28"]
[EventType "team-tourn"]
[EventCountry "TUR"]
[SourceTitle "playchess.com"]
[Source "ChessBase"]
[SourceQuality "1"]

1. d4 d5 2. c4 c6 3. Nf3 Nf6 4. Qc2 dxc4 5. Qxc4 Bf5 6. g3 e6 7. Bg2 Nbd7 8. O-O Be7 9. e3 O-O 10. Rd1 h6 11. Nc3 Ne4 12. Ne1 Ndf6 13. f3 Nxc3 14. bxc3 Rc8 15. e4 Bg6 16. Be3 Qa5 17. Qb3 c5 18. Qxb7 cxd4 19. cxd4 Bb4 20. d5 Rc7 21. Qxc7 Qxc7 22. Nd3 Ba3 23. Nf4 exd5 24. Nxd5 Nxd5 25. Rxd5 Qc3 26. Bd4 Bc5 27. Rd1 Bxd4+ 28. R5xd4 Rb8 29. Rd8+ Rxd8 30. Rxd8+ Kh7 31. Rd5 Qa1+ 32. Bf1 Qxa2 33. Rb5 a5 34. Rb6 a4 35. Ra6 a3 36. e5 Qb2 0-1

[Event "WY U-16 Chess Olympiad 2019"]
[Site "Corum"]
[Date "2019.11.01"]
[Round "5"]
[White "Nanayakkara, J A K Saranath"]
[Black "Acimovic, Sergej"]
[Result "0-1"]
[WhiteElo "1924"]
[BlackElo "1998"]
[Annotator "NA"]
[PlyCount "84"]
[EventDate "2019.10.28"]
[EventType "team-tourn"]
[EventCountry "TUR"]
[SourceTitle "playchess.com"]
[Source "ChessBase"]
[SourceQuality "1"]

1. d4 Nf6 2. Nf3 g6 3. c4 Bg7 4. Nc3 d6 5. e4 O-O 6. h3 e5 7. d5 a5 8. g4 Na6 9. Be3 Nd7 10. a3 Nb6 11. Rg1 Bd7 12. b3 Nc5 13. a4 Kh8 14. h4 f5 15. g5 fxe4 16. Nd2 Bf5 17. h5 gxh5 18. Qxh5 Bg6 19. Qh3 Nbd7 20. O-O-O b6 21. Bg2 Nd3+ 22. Kb1 N7c5 23. Ncxe4 Nxf2 24. Qh4 Ncxe4 25. Nxe4 Nxe4 26. Bxe4 Rf4 27. Bxf4 Bxe4+ 28. Ka2 exf4 29. Qxf4 Bg6 30. Rde1 Qd7 31. Qe3 Qf5 32. Rg2 Re8 33. Qd2 Rf8 34. Rge2 Be5 35. Rg1 Qf3 36. Reg2 Rf4 37. Qe2 Qc3 38. Rg3 Qd4 39. R3g2 Be4 40. Rd1 Qc3 41. Rh2 Rf3 42. Rb1 Bxb1+ 0-1

[Event "WY U-16 Chess Olympiad 2019"]
[Site "Corum"]
[Date "2019.11.01"]
[Round "5"]
[White "Anacoglu, Cisel"]
[Black "Turcan, Richard"]
[Result "1/2-1/2"]
[WhiteElo "1918"]
[BlackElo "2174"]
[Annotator "NA"]
[PlyCount "98"]
[EventDate "2019.10.28"]
[EventType "team-tourn"]
[EventCountry "TUR"]
[SourceTitle "playchess.com"]
[Source "ChessBase"]
[SourceQuality "1"]

1. e4 c5 2. Nf3 e6 3. d4 cxd4 4. Nxd4 Nf6 5. Nc3 d6 6. g3 Be7 7. Bg2 O-O 8. O-O Nc6 9. Nxc6 bxc6 10. e5 dxe5 11. Qxd8 Rxd8 12. Bxc6 Rb8 13. Re1 Bb4 14. Be3 Ba5 15. Red1 Rxb2 16. Rxd8+ Bxd8 17. Ba4 Rb4 18. Bb3 Rb7 19. Rd1 Bd7 20. Na4 Be7 21. c4 Rc7 22. Nc3 h6 23. Nb5 Bxb5 24. cxb5 Ng4 25. b6 axb6 26. Bxb6 Rb7 27. h3 Rxb6 28. hxg4 Rb4 29. Rd7 Bc5 30. Rc7 Bf8 31. Rc4 Rxc4 32. Bxc4 Ba3 33. Kg2 e4 34. Bb3 g6 35. Bc2 f5 36. gxf5 exf5 37. g4 Bc5 38. gxf5 gxf5 39. Kf1 h5 40. f3 e3 41. Bxf5 Kg7 42. a4 Kf6 43. Bc8 Ke5 44. Ba6 Kf4 45. Kg2 Bb6 46. Bb5 h4 47. Kh3 Bd8 48. a5 Bxa5 49. Kxh4 Kxf3 1/2-1/2

[Event "WY U-16 Chess Olympiad 2019"]
[Site "Corum"]
[Date "2019.11.01"]
[Round "5"]
[White "Halynyazow, Vepaly"]
[Black "Srdanovic, Jovana"]
[Result "0-1"]
[WhiteElo "1903"]
[BlackElo "2100"]
[Annotator "NA"]
[PlyCount "76"]
[EventDate "2019.10.28"]
[EventType "team-tourn"]
[EventCountry "TUR"]
[SourceTitle "playchess.com"]
[Source "ChessBase"]
[SourceQuality "1"]

1. d4 d5 2. c4 c6 3. Nf3 Nf6 4. e3 Bf5 5. Nc3 e6 6. Bd3 Bxd3 7. Qxd3 Nbd7 8. O-O Be7 9. e4 dxe4 10. Nxe4 O-O 11. Rd1 Nxe4 12. Qxe4 Nf6 13. Qe2 Qc7 14. Ne5 Rad8 15. Bf4 Qc8 16. Ng4 Nxg4 17. Qxg4 Bf6 18. Bg5 Bxg5 19. Qxg5 Qc7 20. Rac1 h6 21. Qg4 Qe7 22. Rc3 Qg5 23. Qe4 Rfe8 24. Rb3 Re7 25. Rg3 Qh5 26. Rdd3 Red7 27. Rh3 Qg5 28. f4 Qf5 29. Qe3 c5 30. d5 exd5 31. Qxc5 Qxf4 32. Rdf3 Qc1+ 33. Rf1 Qxc4 34. Qxa7 d4 35. b3 Qe2 36. Qb6 d3 37. Rg3 Qxf1+ 38. Kxf1 d2 0-1

[Event "WY U-16 Chess Olympiad 2019"]
[Site "Corum"]
[Date "2019.11.01"]
[Round "5"]
[White "Chong, Kai Ni Agnes"]
[Black "Iskakbaev, Ibraim"]
[Result "1-0"]
[WhiteElo "1901"]
[BlackElo "1741"]
[Annotator "NA"]
[PlyCount "69"]
[EventDate "2019.10.28"]
[EventType "team-tourn"]
[EventCountry "TUR"]
[SourceTitle "playchess.com"]
[Source "ChessBase"]
[SourceQuality "1"]

1. d4 Nf6 2. c4 g6 3. Nf3 Bg7 4. g3 O-O 5. Bg2 d6 6. O-O Nc6 7. Nc3 e5 8. d5 Ne7 9. e4 Ne8 10. Be3 f5 11. Qd2 Nf6 12. h3 Qe8 13. Rac1 Bd7 14. c5 Kh8 15. Rfd1 Neg8 16. Kh2 h6 17. Nh4 f4 18. gxf4 exf4 19. Bd4 g5 20. Nf5 Bxf5 21. exf5 Qh5 22. f3 a6 23. Ne4 dxc5 24. Nxc5 Rf7 25. Ne6 Ne7 26. Rxc7 Nexd5 27. Nxg7 Kxg7 28. Bxf6+ Nxf6 29. Qd6 Raf8 30. Rxf7+ Rxf7 31. Qe5 Qh4 32. Kg1 Kh7 33. Qe6 Qh5 34. Rd8 Ng8 35. Qe8 1-0

[Event "WY U-16 Chess Olympiad 2019"]
[Site "Corum"]
[Date "2019.11.01"]
[Round "5"]
[White "Wong Ching Chi"]
[Black "Buyuk, Ecrin Efsa"]
[Result "0-1"]
[WhiteElo "1879"]
[BlackElo "1747"]
[Annotator "NA"]
[PlyCount "138"]
[EventDate "2019.10.28"]
[EventType "team-tourn"]
[EventCountry "TUR"]
[SourceTitle "playchess.com"]
[Source "ChessBase"]
[SourceQuality "1"]

1. Nf3 d5 2. c4 c6 3. b3 Nf6 4. Bb2 Bf5 5. g3 e6 6. Bg2 h6 7. O-O Nbd7 8. d4 Bd6 9. Nbd2 O-O 10. Re1 Bh7 11. Ne5 Bb4 12. Nd3 Bxd2 13. Qxd2 Re8 14. Rad1 Rc8 15. Ne5 Qc7 16. Rc1 Rcd8 17. Qf4 Qb6 18. Nxd7 Rxd7 19. cxd5 exd5 20. Bh3 Rde7 21. e3 Qa5 22. a3 Qb6 23. b4 Ne4 24. Re2 Ng5 25. Bg2 Re6 26. Ree1 Be4 27. Qg4 Bxg2 28. Kxg2 Rf6 29. f4 Ne4 30. Rc2 Rfe6 31. f5 R6e7 32. Rce2 Nf6 33. Qf4 Re4 34. Qd6 Qb5 35. Qc5 a6 36. Qxb5 axb5 37. Kf3 R4e7 38. Ra1 Ra8 39. Bc1 Ne4 40. Rea2 Ra4 41. Bd2 Re8 42. g4 Rea8 43. Bc1 Kf8 44. Kf4 Ke7 45. h4 Kf6 46. Kf3 g6 47. fxg6 fxg6 48. Ke2 Nc3+ 49. Kd3 Nxa2 50. Rxa2 Re8 51. Rf2+ Kg7 52. Rf4 Raa8 53. Ke2 Rf8 54. Kf3 g5 55. hxg5 hxg5 56. Rf5 Rxf5+ 57. gxf5 Re8 58. Bd2 Kf6 59. Kg4 Re4+ 60. Kf3 Kxf5 61. Be1 g4+ 62. Ke2 Re8 63. Bg3 Ra8 64. Bf4 Rxa3 65. Kf2 Rb3 66. Bd6 Ke4 67. Kg3 Rxe3+ 68. Kxg4 Kxd4 69. Bc5+ Ke4 0-1

[Event "WY U-16 Chess Olympiad 2019"]
[Site "Corum"]
[Date "2019.11.01"]
[Round "5"]
[White "Velkovski, Kristijan"]
[Black "Briem, Benedikt"]
[Result "0-1"]
[WhiteElo "1866"]
[BlackElo "1816"]
[Annotator "NA"]
[PlyCount "90"]
[EventDate "2019.10.28"]
[EventType "team-tourn"]
[EventCountry "TUR"]
[SourceTitle "playchess.com"]
[Source "ChessBase"]
[SourceQuality "1"]

1. e4 e6 2. d4 d5 3. Nd2 c5 4. exd5 Qxd5 5. Ngf3 cxd4 6. Bc4 Qd8 7. O-O Nc6 8. Nb3 a6 9. Nbxd4 Nxd4 10. Nxd4 Qc7 11. Bb3 Bd6 12. h3 Ne7 13. Re1 O-O 14. Be3 Ng6 15. Qe2 Bh2+ 16. Kh1 Bf4 17. Rad1 b5 18. Bxf4 Nxf4 19. Qe5 Qxe5 20. Rxe5 Bb7 21. f3 Rfd8 22. c3 Rd6 23. Ree1 Rad8 24. a3 h5 25. h4 Ng6 26. Bc2 Nxh4 27. Kh2 g6 28. Kg3 Nf5+ 29. Bxf5 gxf5 30. Rc1 Kg7 31. Rh1 Kg6 32. Rce1 Re8 33. f4 f6 34. Rhf1 Be4 35. Rd1 Red8 36. Rde1 e5 37. Nb3 Rd3+ 38. Kh2 R8d5 39. Rf2 h4 40. Ree2 h3 41. gxh3 Rd1 42. Nd2 Rh1+ 43. Kg3 Rd3+ 44. Nf3 Bxf3 45. Rxf3 Rxh3+ 0-1

[Event "WY U-16 Chess Olympiad 2019"]
[Site "Corum"]
[Date "2019.11.01"]
[Round "5"]
[White "Koc, Azra Ece"]
[Black "Slaba, Andrea"]
[Result "0-1"]
[WhiteElo "1860"]
[BlackElo "1907"]
[Annotator "NA"]
[PlyCount "114"]
[EventDate "2019.10.28"]
[EventType "team-tourn"]
[EventCountry "TUR"]
[SourceTitle "playchess.com"]
[Source "ChessBase"]
[SourceQuality "1"]

1. d4 d5 2. Bf4 Nf6 3. e3 c5 4. c3 Nc6 5. Nd2 e6 6. Ngf3 Bd6 7. Bg3 O-O 8. Bd3 b6 9. Ne5 Qc7 10. f4 Bb7 11. O-O Ne7 12. Bf2 Ne4 13. Rc1 f6 14. Nef3 c4 15. Bb1 Rac8 16. Nxe4 dxe4 17. Nd2 f5 18. b3 b5 19. b4 a5 20. a3 axb4 21. axb4 Nd5 22. Re1 Ra8 23. Qc2 Qf7 24. Qb2 Qh5 25. Nf1 Qh6 26. Bc2 Qf6 27. Ra1 g5 28. fxg5 Qxg5 29. Rxa8 Rxa8 30. Ra1 Qd8 31. Rxa8 Qxa8 32. Ng3 Nf6 33. Ne2 Qb8 34. g3 Kf7 35. Bd1 Ke7 36. Qa3 Bc6 37. Bc2 Be8 38. Bd1 Bh5 39. Kf1 h6 40. Qa6 Nd5 41. Qa1 Bg4 42. Ke1 Nf6 43. Nf4 Kf7 44. Qa6 Bxd1 45. Kxd1 h5 46. h3 h4 47. Kd2 Nh7 48. Ke2 Ng5 49. gxh4 Bxf4 50. exf4 Nxh3 51. Bg3 Qg8 52. Qb7+ Kf6 53. Qxb5 Qxg3 54. Qe5+ Kf7 55. Qc7+ Kg6 56. h5+ Kh6 57. Qxc4 Nxf4+ 0-1